Central Library OPAC University of Rajshahi

The British Isles / (Record no. 21829)

MARC details
000 -LEADER
fixed length control field 00912nam a2200253 a 4500
001 - CONTROL NUMBER
control field 21829
003 - CONTROL NUMBER IDENTIFIER
rucl marc code BD-RjUL
005 - DATE AND TIME OF LATEST TRANSACTION
control field 20211209000732.0
008 - FIXED-LENGTH DATA ELEMENTS--GENERAL INFORMATION
fixed length control field 140305s1935 enkab b 001 | eng d
035 ## - SYSTEM CONTROL NUMBER
System control number (BD-RjUL)21894
040 ## - CATALOGING SOURCE
Original cataloging agency BD-RjUL
Language of cataloging eng
Transcribing agency BD-RjUL
Modifying agency BD-RjUL
041 ## - LANGUAGE CODE
Language code of text/sound track or separate title eng
082 ## - DEWEY DECIMAL CLASSIFICATION NUMBER
Classification number 914.2
Author mark and year UNB
100 1# - MAIN ENTRY--PERSONAL NAME
Personal name Unstead, J. F.
Fuller form of name (John Frederick),
Dates associated with a name 1876-1965
9 (RLIN) 67261
245 14 - TITLE STATEMENT
Title The British Isles /
Statement of responsibility, etc. J.F. Unstead ; with numerous maps and diagrams specially prepared and other illustrations.
Number of part/section of a work Volume I
260 ## - PUBLICATION, DISTRIBUTION, ETC. (IMPRINT)
Place of publication, distribution, etc. London :
Name of publisher, distributor, etc. University of London Press,
Date of publication, distribution, etc. 1935.
300 ## - PHYSICAL DESCRIPTION
Pagination xii, 292 p. :
Illustrations ill., maps ;
Size 22 cm.
490 1# - SERIES STATEMENT
Series statement A systematic regional geography : a post matriculation course ;
Volume/sequential designation v. 1
504 ## - BIBLIOGRAPHY, ETC. NOTE
Bibliography, etc Includes bibliography and index.
651 #0 - SUBJECT ADDED ENTRY--GEOGRAPHIC NAME
Geographic name British Isles
General subdivision Geography.
9 (RLIN) 67393
830 #0 - SERIES ADDED ENTRY--UNIFORM TITLE
Volume number/sequential designation v. 1.
Uniform title Systematic regional geography ;
942 ## - ADDED ENTRY ELEMENTS (KOHA)
Source of classification or shelving scheme Dewey Decimal Classification
Koha item type Books
Holdings
Lost status Source of classification or shelving scheme Damaged status Not for loan Collection code Permanent Location Current Location Shelving location Date acquired Source of acquisition Cost, normal purchase price Total Checkouts Full call number Date last seen Copy number Koha item type
  Dewey Decimal Classification   Added to bundle Non-fiction Central Library, University of Rajshahi Central Library, University of Rajshahi Reading Room 09/02/1963 Zeitlinger 18.00   914.2 UNB V-1 1960 05/03/2014 C-1 Books